Central Library || Chittagong University

Party politics in Canada ./ (Record no. 112153)

MARC details
000 -LEADER
fixed length control field 00505nam a22001817a 4500
003 - CONTROL NUMBER IDENTIFIER
control field BD-ChCU
005 - DATE AND TIME OF LATEST TRANSACTION
control field 20260408110821.0
008 - FIXED-LENGTH DATA ELEMENTS--GENERAL INFORMATION
fixed length control field 260408b bg ||||| |||| 00| 0 ben d
040 ## - CATALOGING SOURCE
Transcribing agency BD-ChCU
082 ## - DEWEY DECIMAL CLASSIFICATION NUMBER
Classification number 329.971 THP
100 ## - MAIN ENTRY--PERSONAL NAME
Personal name Thorburn , Hugh G.
9 (RLIN) 21383
245 ## - TITLE STATEMENT
Title Party politics in Canada ./
Statement of responsibility, etc. Hugh G. Thorburn .
250 ## - EDITION STATEMENT
Edition statement 2nd ed.
260 ## - PUBLICATION, DISTRIBUTION, ETC.
Place of publication, distribution, etc. Scarborough :
Name of publisher, distributor, etc. Prentice - Hall ,
Date of publication, distribution, etc. C 1967
300 ## - PHYSICAL DESCRIPTION
Extent 232p.
650 #0 - SUBJECT ADDED ENTRY--TOPICAL TERM
Topical term or geographic name entry element Canada - Politics and Government .
9 (RLIN) 21385
942 ## - ADDED ENTRY ELEMENTS (KOHA)
Source of classification or shelving scheme Dewey Decimal Classification
Koha item type Books
Suppress in OPAC No
Holdings
Withdrawn status Lost status Source of classification or shelving scheme Damaged status Not for loan Home library Current library Shelving location Date acquired Source of acquisition Total Checkouts Full call number Barcode Date last seen Copy number Price effective from Koha item type
    Dewey Decimal Classification     Chittagong University Library Chittagong University Library Business and Social Science Reading Room 04/08/2026 Purchase   329.971 THP 55964 04/08/2026 C-1 04/08/2026 Books
    Dewey Decimal Classification     Chittagong University Library Chittagong University Library Business and Social Science Reading Room 04/08/2026 Purchase   329.971 THP 55965 04/08/2026 C-2 04/08/2026 Books
    Dewey Decimal Classification     Chittagong University Library Chittagong University Library Business and Social Science Reading Room 04/08/2026 Purchase   329.971 THP 55966 04/08/2026 C-3 04/08/2026 Books
© Copyright 2026. Chittagong University Library, Installation and Maintenance by Prof. Dr. Md. Alamgir, 01711306253